Annual Report and Accounts 1976-1974
Guardat en:
| Autor corporatiu: | |
|---|---|
| Format: | Llibre |
| Idioma: | Undetermined |
| Publicat: |
Westerham Press
1974
|
| Matèries: | |
| Etiquetes: |
Afegir etiqueta
Sense etiquetes, Sigues el primer a etiquetar aquest registre!
|
| Thư viện lưu trữ: | Trung tâm Học liệu Trường Đại học Cần Thơ |
|---|
| LEADER | 00482nam a2200169Ia 4500 | ||
|---|---|---|---|
| 001 | CTU_85215 | ||
| 008 | 210402s9999 xx 000 0 und d | ||
| 082 | |a 669.142 | ||
| 082 | |b B862 | ||
| 110 | |a British Steel Corporation | ||
| 245 | 0 | |a Annual Report and Accounts 1976-1974 | |
| 245 | 0 | |c British Steel Corporation | |
| 260 | |b Westerham Press | ||
| 260 | |c 1974 | ||
| 650 | |a Steel industry and trade | ||
| 904 | |i Năm | ||
| 980 | |a Trung tâm Học liệu Trường Đại học Cần Thơ | ||